Normal view
MARC view
- Low, A. M
Entry Personal Name
001 - CONTROL NUMBER
- control field: 100458
003 - CONTROL NUMBER IDENTIFIER
- control field: NUST
005 - DATE AND TIME OF LATEST TRANSACTION
- control field: 20221017124956.0
008 - FIXED-LENGTH DATA ELEMENTS
- fixed length control field: 221017|| aca||aabn | a|a d
040 ## - CATALOGING SOURCE
- Original cataloging agency: NUST
- Transcribing agency: NUST
100 ## - HEADING--PERSONAL NAME
- Personal name: Low, A. M
670 ## - SOURCE DATA FOUND
- Source citation: Work cat.: (NUST)183077: Low, A. M., Science looks ahead, by Professor A.M. Low. With contributions, 1945
